000 00612nam a2200169 a 4500
001 000042061
005 20201002035921.0
008 131112s2013 dr a 000 0 spa d
040 _aDO-SdBNP
_bspa
_cBNPHU
082 _axxx
_bxxx
100 1 _aRodríguez Gómez, Cristóbal
_964785
245 1 0 _aVoces contra la corrupción y la impunidad. /
_cCristóbal Rodríguez Gómez, Jorge Luis Polanco Rodríguez, Carlos Moisés Almonte.
260 _aSanto Domingo, :
_b[s.d.],
_c2013.
300 _a154 p. :
_bil. ;
_c21 cm.
700 1 _aPolanco Rodríguez, Jorge Luis
_969051
700 1 _aAlmonte, Carlos Moisés
_969052
999 _c41550
_d41550